000
00280nam a2200121Ia 4500
008
190216s9999||||xx |||||||||||||| ||und||
100
_a
Bharath Yayavar
245
0
_a
Hindi - Ranu Ke Sath
260
_b
Mythrey Publication
_c
2002
300
_a
136
650
_a
Hindi
942
_c
BK
999
_c
16150
_d
16150